000 00343nam a22001217a 4500
040 _cRUA
082 _aA285 ឌុំ 2019 C160 Or.1
100 _aឌុំ ដាវុយ,
245 _aEisenhower, អេសេនហៅវឺរ៍
260 _aPHNOM PENH
_bRUA
_c2019
300 _a207p.
_bill.
_c29cm.
942 _cអភិវឌ្ឍន៍
999 _c25678
_d25678